[Event "Aces"]
[Site "?"]
[Date "2002.05.18"]
[Round "3.7"]
[White "Franek, Marty"]
[Black "Frank, Mark"]
[Result "1-0"]
[WhiteElo "1723"]
[BlackElo "1756"]
[PlyCount "59"]
[EventDate "2002.??.??"]

1. d4 Nf6 2. c4 g6 3. Nc3 Bg7 4. e4 d6 5. Nf3 O-O 6. Be2 c5 7. O-O cxd4 8. Nxd4
Nc6 9. Be3 Bd7 10. h3 Rc8 11. Rc1 Ne5 12. b3 a6 13. Qd2 Qc7 14. f4 Nc6 15. Rcd1
Rfd8 16. Bf3 Nxd4 17. Bxd4 b5 18. e5 Ne8 19. Nd5 Qb8 20. Nxe7+ Kh8 21. Nxc8
dxe5 22. Bxe5 Bxe5 23. fxe5 Qxc8 24. Bg4 f5 25. exf6 Nxf6 26. Rxf6 Qc5+ 27. Qd4
Qxd4+ 28. Rxd4 Kg7 29. Rxa6 Bxg4 30. Rxd8 1-0

[Event "Tyros-Wolverines"]
[Site "?"]
[Date "2002.05.18"]
[Round "3.1"]
[White "Diaz, Pablo"]
[Black "Volynskiy, G."]
[Result "0-1"]
[WhiteElo "1983"]
[BlackElo "2547"]
[PlyCount "49"]
[EventDate "2002.??.??"]

1. e4 e5 2. Bc4 Nf6 3. d3 Nc6 4. Nf3 Be7 5. a3 O-O 6. b4 d6 7. h3 a5 8. b5 Nb8
9. Bb2 Nbd7 10. a4 Nb6 11. Bb3 Nfd7 12. c3 Nc5 13. Bc2 f5 14. Nfd2 fxe4 15.
dxe4 Ne6 16. Bb3 Kh8 17. Nc4 Nxc4 18. Bxc4 Nf4 19. Bf1 Qe8 20. g3 Ne6 21. Bg2
Nc5 22. Qe2 Be6 23. Nd2 Bg5 24. Bc1 Qf7 25. Nb3 0-1

[Event "Wolverines-Tyros"]
[Site "?"]
[Date "2002.05.18"]
[Round "3.2"]
[White "Jasaitis, Tony"]
[Black "Guio, J."]
[Result "1/2-1/2"]
[WhiteElo "2131"]
[BlackElo "1913"]
[PlyCount "41"]
[EventDate "2002.??.??"]

1. e4 c5 2. c3 d5 3. exd5 Qxd5 4. d4 e5 5. Nf3 Nc6 6. dxe5 Qxd1+ 7. Kxd1 Bg4 8.
Bf4 Nge7 9. Be2 Ng6 10. Bg3 Be7 11. Nbd2 Rd8 12. Ke1 O-O 13. Rd1 Rfe8 14. Bb5
Bf6 15. Bxc6 bxc6 16. Nc4 Rxd1+ 17. Kxd1 Nxe5 18. Bxe5 Bxe5 19. Re1 Rd8+ 20.
Ke2 Bf4 21. h3 1/2-1/2

[Event "Wolverines-Tyros"]
[Site "?"]
[Date "2002.05.18"]
[Round "3.4"]
[White "Sagalovsky, Leonid"]
[Black "Smith, Brian"]
[Result "1-0"]
[WhiteElo "1985"]
[BlackElo "1632"]
[PlyCount "85"]
[EventDate "2002.??.??"]

1. e4 c5 2. d4 cxd4 3. c3 dxc3 4. Nxc3 a6 5. Nf3 e6 6. Bc4 d6 7. Qe2 b5 8. Bb3
Nc6 9. O-O Nf6 10. Rd1 Qc7 11. Bf4 Be7 12. Rac1 Bb7 13. e5 dxe5 14. Nxe5 O-O
15. Ng6 e5 16. Nxe5 Nxe5 17. Nd5 Qxc1 18. Nxe7+ Kh8 19. Rxc1 Rae8 20. Rc7 Ng6
21. Nxg6+ hxg6 22. Re7 Rxe7 23. Qxe7 Re8 24. Qxe8+ Nxe8 25. Bxf7 Nf6 26. Bxg6
Ne4 27. Bxe4 Bxe4 28. f3 Bb1 29. a3 Kg8 30. Kf2 Kf7 31. Be5 g6 32. f4 Ke6 33.
Ke3 a5 34. Kd4 Ba2 35. Kc5 Bc4 36. a4 Bf1 37. axb5 Bxg2 38. b6 g5 39. Kb5 gxf4
40. Bxf4 Kd7 41. Kxa5 Kc6 42. h4 Bf3 43. Ka6 1-0

[Event "Tyros-Wolverines"]
[Site "?"]
[Date "2002.05.18"]
[Round "3.5"]
[White "Hahne, Dave"]
[Black "Kratka, Milan"]
[Result "0-1"]
[WhiteElo "1646"]
[BlackElo "1640"]
[PlyCount "84"]
[EventDate "2002.??.??"]

1. d4 Nf6 2. c4 d5 3. cxd5 Nxd5 4. Nf3 g6 5. e4 Nb6 6. Nc3 Bg7 7. Be3 O-O 8.
Rc1 Bg4 9. h3 Bxf3 10. gxf3 e6 11. Bg2 Nc6 12. Ne2 f5 13. O-O e5 14. d5 Ne7 15.
Qb3 Kh8 16. Rfd1 f4 17. Bc5 Rf6 18. Qa3 Nec8 19. Nc3 Qe8 20. Nb5 Qxb5 21. d6
cxd6 22. Bxd6 Nxd6 23. Rxd6 Bf8 24. Rxb6 Qxb6 25. Qc3 Qc6 26. Qe1 Qe6 27. Qc3
Qe7 28. Qa5 b6 29. Qd5 Rd8 30. Qc4 Rfd6 31. Kh2 Rd1 32. Rc2 Qd7 33. Qc3 Bg7 34.
Qc4 Rd2 35. Rxd2 Qxd2 36. Qc7 Qd7 37. Qc3 Qd4 38. Qc7 Qd7 39. Qc3 Qc8 40. Qb4
Qc5 41. Qb3 Qxf2 42. Qf7 Qg3+ 0-1

[Event "Fermilab-Chargers"]
[Site "?"]
[Date "2002.05.18"]
[Round "3.1"]
[White "Bezzubov, Victor"]
[Black "Warren, Jim"]
[Result "1/2-1/2"]
[WhiteElo "2242"]
[BlackElo "2076"]
[PlyCount "93"]
[EventDate "2002.??.??"]

1. e4 c6 2. d4 d5 3. e5 Bf5 4. Bd3 Bxd3 5. Qxd3 e6 6. Nf3 Be7 7. O-O Nd7 8. Re1
c5 9. c3 Qb6 10. Nbd2 Rc8 11. Nf1 cxd4 12. cxd4 Bb4 13. Rd1 Qa6 14. Qxa6 bxa6
15. Bg5 h6 16. Be3 Ne7 17. Rac1 O-O 18. Rxc8 Rxc8 19. Rc1 Rxc1 20. Bxc1 Nc6 21.
Ne3 Ba5 22. Nc2 f6 23. exf6 Nxf6 24. Kf1 Kf7 25. Ke2 Nd7 26. Bf4 Kf6 27. Bd6
Bb6 28. b3 e5 29. dxe5+ Ndxe5 30. Nxe5 Nxe5 31. Nb4 Ke6 32. Bxe5 Kxe5 33. Nc2
Ke4 34. f3+ Ke5 35. Kd3 Bg1 36. h3 Kf4 37. Ke2 Kg3 38. Kf1 Bb6 39. Nb4 d4 40.
Nd3 a5 41. Nf2 Kf4 42. Ke2 Kg3 43. Kf1 Kf4 44. Ke2 Kg3 45. Kf1 Kf4 46. Ke2 Kg3
47. Kf1 1/2-1/2

[Event "Fermilab-Chargers"]
[Site "?"]
[Date "2002.05.18"]
[Round "3.3"]
[White "Gaines, Irwin"]
[Black "Dobrovolny, Chuck"]
[Result "0-1"]
[WhiteElo "1776"]
[BlackElo "1868"]
[PlyCount "88"]
[EventDate "2002.??.??"]

1. d4 Nf6 2. c4 g6 3. Nc3 d5 4. cxd5 Nxd5 5. e4 Nxc3 6. bxc3 Bg7 7. Bc4 c5 8.
Be3 O-O 9. Ne2 Nc6 10. O-O Qc7 11. Rc1 Rd8 12. Qd2 Qa5 13. Rfd1 Ne5 14. Bd5 Ng4
15. Bg5 Nf6 16. Bxf6 Bxf6 17. Qf4 Rxd5 18. exd5 Qxa2 19. Qf3 h5 20. h3 c4 21.
Ra1 Qc2 22. Ng3 Bg7 23. Re1 Kf8 24. Ne4 Bf5 25. g4 hxg4 26. hxg4 Bxe4 27. Rxe4
Rd8 28. Rae1 Bf6 29. Qe3 g5 30. Rxe7 Kg7 31. Rxb7 Rh8 32. d6 Qh7 33. Kf1 Qh1+
34. Ke2 Qxb7 35. Kf1 Rh1+ 36. Ke2 Qb2+ 37. Qd2 Qxd2+ 38. Kxd2 Rxe1 39. Kxe1 Kf8
40. Ke2 Ke8 41. Ke3 Kd7 42. Ke4 Kxd6 43. Kf5 Bxd4 44. cxd4 c3 0-1

[Event "Chargers-Fermilab"]
[Site "?"]
[Date "2002.05.18"]
[Round "3.4"]
[White "Stamm, Vern"]
[Black "Gomez, G."]
[Result "0-1"]
[WhiteElo "1495"]
[BlackElo "1752"]
[PlyCount "106"]
[EventDate "2002.??.??"]

1. d4 d5 2. Bf4 Nf6 3. h3 Bf5 4. e3 e6 5. Bd3 Bxd3 6. Qxd3 c5 7. dxc5 Qa5+ 8.
Qc3 Qxc5 9. Qxc5 Bxc5 10. a3 O-O 11. Nc3 Nbd7 12. Nf3 Rac8 13. O-O-O Bxa3 14.
Nb5 Bc5 15. Nd6 Bxd6 16. Bxd6 Rfe8 17. Nd2 Nc5 18. Bxc5 Rxc5 19. h4 Rec8 20. c3
b5 21. Kb1 Ng4 22. Rdf1 Ne5 23. e4 dxe4 24. Nxe4 Rd5 25. f4 Nc4 26. Rf2 Rcd8
27. g4 Nd2+ 28. Nxd2 Rxd2 29. Rhh2 Rxf2 30. Rxf2 f6 31. Kc2 Kf7 32. h5 Rd5 33.
b3 Ke7 34. Rf3 Kd6 35. Re3 a5 36. Re4 f5 37. gxf5 Rxf5 38. Rd4+ Ke7 39. Kd3
Rxh5 40. Re4 Kd6 41. Re3 e5 42. fxe5+ Rxe5 43. Rg3 g6 44. Rh3 h5 45. Rg3 g5 46.
Rf3 g4 47. Rf6+ Ke7 48. Ra6 g3 49. Rxa5 g2 50. Ra1 h4 51. Kd4 Rg5 (51... Rf5 {
idea of Rf1}) 52. Re1+ Kd6 53. Rg1 h3 0-1

[Event "CICL op"]
[Site "?"]
[Date "2002.05.18"]
[Round "1"]
[White "Reid, Carl"]
[Black "Hayhurst, Lyle"]
[Result "0-1"]
[WhiteElo "1543"]
[BlackElo "1847"]
[PlyCount "74"]
[EventDate "2002.??.??"]

1. d4 Nf6 2. Nf3 g6 3. g3 Bg7 4. Bg2 O-O 5. O-O d5 6. c3 c6 7. Nbd2 Nbd7 8. Re1
Re8 9. Nb3 e5 10. dxe5 Nxe5 11. Nxe5 Rxe5 12. Nc5 Qe8 13. Bf4 Rh5 14. Nd3 Bh3
15. f3 Bxg2 16. Kxg2 g5 17. Bd2 Qe6 18. Nf2 g4 19. e4 gxf3+ 20. Qxf3 dxe4 21.
Qe2 Re8 22. Be3 Bh6 23. h3 Bxe3 24. Qxe3 Re5 25. g4 a6 26. Re2 Nd5 27. Qg3 Qf6
28. Rxe4 Rxe4 29. Nxe4 Rxe4 30. Kh1 Qf4 31. Qxf4 Nxf4 32. Kh2 Re3 33. Rf1 Rxh3+
34. Kg1 Rg3+ 35. Kh2 Rxg4 36. Rf3 Ne6 37. Kh3 Ng5+ 0-1

[Event "CICL op"]
[Site "?"]
[Date "2002.05.18"]
[Round "1"]
[White "Subeck, Jeff"]
[Black "Hughes, Norm"]
[Result "1-0"]
[WhiteElo "1374"]
[BlackElo "1735"]
[PlyCount "71"]
[EventDate "2002.??.??"]

1. e4 e5 2. Nf3 Nf6 3. Nxe5 d5 4. Nf3 Nxe4 5. d3 Nf6 6. Bg5 Be7 7. Nc3 O-O 8.
Qd2 Bf5 9. g3 Nbd7 10. Bg2 c6 11. h3 Re8 12. O-O-O Qb6 13. Qf4 Bg6 14. Nh4 Nf8
15. Rd2 h6 16. Bxf6 Bxf6 17. Nxg6 Nxg6 18. Qb4 Qc7 19. Bxd5 Qd8 20. Bxf7+ Kxf7
21. Qxb7+ Kg8 22. Qxc6 Bg5 23. f4 Nxf4 24. gxf4 Bxf4 25. Qc4+ Kh8 26. Qxf4 Rf8
27. Qe5 Qb6 28. Rg2 Qb7 29. Rhg1 Rf1+ 30. Kd2 Rxg1 31. Rxg1 Rf8 32. b3 Qf7 33.
Kc1 Rg8 34. Nb5 Re8 35. Nd6 Rxe5 36. Nxf7+ 1-0

[Event "CICL op"]
[Site "?"]
[Date "2002.05.18"]
[Round "1"]
[White "Cease, H."]
[Black "Olsen, Art"]
[Result "1-0"]
[WhiteElo "1243"]
[BlackElo "1580"]
[PlyCount "37"]
[EventDate "2002.??.??"]

1. e4 e5 2. Nf3 Nc6 3. d4 exd4 4. Nxd4 Nxd4 5. Qxd4 Qf6 6. e5 Qg6 7. c3 d6 8.
Bf4 Bd7 9. g3 dxe5 10. Bxe5 Bc6 11. Bd3 Qe6 12. O-O Rd8 13. Qe3 Ne7 14. Nd2 Qd5
15. Be4 Qxd2 16. Bxc6+ bxc6 17. Qxa7 Qg5 18. Bxc7 Rd7 19. Qb8+ 1-0

[Event "CICL op"]
[Site "?"]
[Date "2002.05.18"]
[Round "2"]
[White "Staples, Carl"]
[Black "Hayhurst, Lyle"]
[Result "0-1"]
[WhiteElo "1606"]
[BlackElo "1847"]
[PlyCount "82"]
[EventDate "2002.??.??"]

1. c4 e5 2. g3 f5 3. Bg2 Nf6 4. Nc3 c6 5. d4 e4 6. Bg5 Be7 7. e3 d5 8. Bxf6
Bxf6 9. c5 Be6 10. Qb3 Qc7 11. Nge2 Nd7 12. Nf4 Bf7 13. h4 b6 14. cxb6 axb6 15.
Qc2 Qd6 16. Bh3 g6 17. O-O O-O 18. Rfd1 Bg7 19. Bf1 Nf6 20. Be2 Ng4 21. a3 h6
22. Na4 g5 23. hxg5 hxg5 24. Ng2 Rab8 25. Rac1 Rfc8 26. Bxg4 fxg4 27. Qe2 Be6
28. Ne1 Kf7 29. Nc2 Rh8 30. Kg2 Rh3 31. Rh1 c5 32. Rxh3 gxh3+ 33. Kh2 g4 34.
Qa6 Bc8 35. dxc5 Qd7 36. Nxb6 Bxa6 37. Nxd7 Rxb2 38. Kg1 Ke7 39. Nb4 Rxb4 40.
axb4 Kxd7 41. Ra1 Bxa1 0-1

[Event "CICL op"]
[Site "?"]
[Date "2002.05.18"]
[Round "2"]
[White "Easton, Richard"]
[Black "Subeck, Jeff"]
[Result "1-0"]
[WhiteElo "1769"]
[BlackElo "1364"]
[PlyCount "51"]
[EventDate "2002.??.??"]

1. d4 Nf6 2. Nf3 d5 3. Bg5 e6 4. e3 Be7 5. Nbd2 O-O 6. Bd3 Ne8 7. h4 f6 8. Bf4
Nc6 9. c3 Nd6 10. Qc2 h6 11. O-O-O Nf7 12. e4 e5 13. dxe5 Nfxe5 14. Nxe5 fxe5
15. Bg3 Bc5 16. exd5 Ne7 17. Ne4 Qxd5 18. Nxc5 Qxc5 19. Qb3+ Kh8 20. Rhe1 Nc6
21. Kb1 Rxf2 22. Bxf2 Qxf2 23. Rf1 Qc5 24. Qf7 Bg4 25. Qg6 Bxd1 26. Qh7# 1-0

[Event "CICL op"]
[Site "?"]
[Date "2002.05.18"]
[Round "2"]
[White "Hughes, Norm"]
[Black "Cease, Herman"]
[Result "1-0"]
[WhiteElo "1735"]
[BlackElo "1243"]
[PlyCount "88"]
[EventDate "2002.??.??"]

1. d4 Nf6 2. c4 e6 3. g3 Bb4+ 4. Bd2 c5 5. Bxb4 cxb4 6. Qc2 Qa5 7. Nd2 Nc6 8.
e3 O-O 9. Bg2 d5 10. Ngf3 Ne4 11. O-O Nxd2 12. Nxd2 Ne7 13. Nb3 Qd8 14. Qd3 Bd7
15. Qd2 a5 16. Nc5 Bc6 17. a3 bxa3 18. bxa3 b5 19. cxb5 Bxb5 20. Rfe1 Qd6 21.
Rab1 Bc4 22. Rb7 Rab8 23. Qxa5 Ra8 24. Ra7 Nc6 25. Qc7 Nxa7 26. Qxd6 Nb5 27.
Qc6 Rfc8 28. Qb7 Rcb8 29. Qe7 Ra7 30. Qg5 Nxa3 31. Ra1 h6 32. Qf4 Rba8 33. h4
Kf8 34. Nxe6+ Kg8 35. Nc5 Kh7 36. Qg4 Nb5 37. Rxa7 Rxa7 38. Bxd5 Ra1+ 39. Kh2
Bxd5 40. Qf5+ Kg8 41. Qxd5 Nc3 42. Qf3 Ra2 43. d5 Ra5 44. d6 Rxc5 1-0

[Event "CICL op"]
[Site "?"]
[Date "2002.05.18"]
[Round "2"]
[White "Marshall, Kevin"]
[Black "Ailes, Tim"]
[Result "0-1"]
[WhiteElo "1396"]
[BlackElo "1547"]
[PlyCount "62"]
[EventDate "2002.??.??"]

1. d4 Nf6 2. c4 c5 3. e3 g6 4. Nc3 Bg7 5. Nf3 cxd4 6. exd4 d6 7. Be2 O-O 8. h3
d5 9. cxd5 Nxd5 10. Nxd5 Qxd5 11. Be3 Nc6 12. Qb3 Qd6 13. Rd1 Bf5 14. O-O b6
15. Rd2 Rac8 16. Nh4 Be4 17. Qd1 Bd5 18. b3 Rfd8 19. f4 Bf6 20. Bg4 e6 21. Nf3
h5 22. Bxh5 gxh5 23. Ne5 Qf8 24. Qxh5 Be4 25. Ng4 Bg7 26. f5 Bxf5 27. Nh6+ Bxh6
28. Bxh6 Qe7 29. d5 Qc5+ 30. Kh1 Bg6 31. Qg5 Rxd5 0-1

[Event "CICL op"]
[Site "?"]
[Date "2002.05.18"]
[Round "3"]
[White "Williams, Kent"]
[Black "Easton, Richard"]
[Result "1-0"]
[WhiteElo "2098"]
[BlackElo "1769"]
[PlyCount "76"]
[EventDate "2002.??.??"]

1. d4 d5 2. Nf3 c6 3. Nc3 Nf6 4. Bg5 Bf5 5. Bxf6 exf6 6. a3 Bd6 7. e3 Qb6 8. b4
O-O 9. Bd3 Bxd3 10. Qxd3 h5 11. b5 Nd7 12. O-O g6 13. Rad1 Bxa3 14. Na4 Qc7 15.
Qxa3 a5 16. bxc6 Qxc6 17. Rfe1 b5 18. Nc5 Nb6 19. Nd2 b4 20. Qd3 Rfb8 21. c3
Nd7 22. cxb4 axb4 23. Nxd7 Qxd7 24. Nb3 Ra3 25. Rb1 Kg7 26. Qd2 Qa4 27. Nc5 Qb5
28. Rb3 Rxb3 29. Nxb3 Ra8 30. Rb1 Ra3 31. g3 Qc4 32. Qb2 Ra8 33. Nc1 Rb8 34.
Kg2 f5 35. Na2 Qd3 36. Nxb4 Qe4+ 37. Kg1 g5 38. Rc1 f4 1-0

[Event "CICL op"]
[Site "?"]
[Date "2002.05.18"]
[Round "3"]
[White "Hayhurst, Lyle"]
[Black "Hughes, Norm"]
[Result "1-0"]
[WhiteElo "1847"]
[BlackElo "1735"]
[PlyCount "85"]
[EventDate "2002.??.??"]

1. e4 e5 2. f4 d5 3. exd5 Qxd5 4. Nc3 Qe6 5. fxe5 Qxe5+ 6. Be2 Nf6 7. Nf3 Qa5
8. O-O Be7 9. d4 O-O 10. Kh1 Be6 11. Be3 Nbd7 12. Ne5 Bd5 13. Nxd5 Qxd5 14. c4
Qa5 15. a3 c6 16. b4 Qd8 17. Qb3 h6 18. Rf4 Ne4 19. Nf3 Ng5 20. Nxg5 Bxg5 21.
Rg4 Bxe3 22. Qxe3 Nf6 23. Rf4 Qd7 24. Qg3 Rae8 25. Bf3 Qe6 26. h3 Nh7 27. d5
Qe5 28. Rf1 Qc3 29. Rg4 Re3 30. dxc6 bxc6 31. Qd6 Qxa3 32. Qxh6 Qc3 33. Bxc6
Re1 34. Rxe1 Qxe1+ 35. Kh2 Qc3 36. Be4 f5 37. Bd5+ Kh8 38. Rg3 gxh6 39. Rxc3
Nf6 40. Bf3 Ne4 41. Bxe4 fxe4 42. Re3 Re8 43. Kg3 1-0

[Event "CICL op"]
[Site "?"]
[Date "2002.05.18"]
[Round "3"]
[White "Staples, Carl"]
[Black "Marshall, Kevin"]
[Result "1-0"]
[WhiteElo "1606"]
[BlackElo "1396"]
[PlyCount "63"]
[EventDate "2002.??.??"]

1. d4 Nf6 2. e3 e6 3. Bd3 d5 4. Nd2 c5 5. c3 Nc6 6. f4 Bd6 7. Nh3 h6 8. O-O O-O
9. Nf3 b6 10. Ne5 Qc7 11. Qf3 a5 12. g4 Ba6 13. Bxa6 Rxa6 14. Nf2 Nd8 15. g5
hxg5 16. fxg5 Bxe5 17. dxe5 Qxe5 18. gxf6 Qxf6 19. Qxf6 gxf6 20. Ng4 f5 21. Ne5
Nb7 22. Kf2 Rd8 23. Rg1+ Kf8 24. Bd2 Raa8 25. e4 dxe4 26. Bh6+ Ke8 27. Rg8+ Ke7
28. Nc6+ Kd7 29. Nxd8 Nxd8 30. Bg5 Rc8 31. Rd1+ Kc7 32. Rgxd8 1-0

[Event "CICL op"]
[Site "?"]
[Date "2002.05.18"]
[Round "3"]
[White "Subeck, Jeff"]
[Black "Karandikar, Shekhar"]
[Result "0-1"]
[WhiteElo "1374"]
[BlackElo "1576"]
[PlyCount "88"]
[EventDate "2002.??.??"]

1. e4 e5 2. Nf3 Nc6 3. Bc4 Bc5 4. d4 exd4 5. Ng5 Ne5 6. Nxf7 Nxf7 7. Bxf7+ Kxf7
8. Qh5+ g6 9. Qxc5 Ne7 10. Qxd4 Re8 11. O-O Nc6 12. Qc4+ Re6 13. Nc3 Ne5 14.
Qe2 c6 15. f4 Qb6+ 16. Kh1 Kg7 17. fxe5 d6 18. Qf2 Qxf2 19. Rxf2 Rxe5 20. Bf4
Re6 21. h3 b5 22. b4 a5 23. bxa5 Rxa5 24. Rd2 b4 25. Rxd6 bxc3 26. Rxe6 Bxe6
27. Be5+ Rxe5 28. Re1 Bxa2 29. Ra1 Bc4 30. Ra3 Rxe4 31. Rxc3 Bd5 32. Rc5 Re1+
33. Kh2 Re2 34. Rxd5 cxd5 35. c3 Rc2 36. Kg3 Rxc3+ 37. Kf4 Kf6 38. g4 d4 39.
g5+ Ke6 40. h4 d3 41. h5 d2 42. hxg6 hxg6 43. Ke4 d1=Q 44. Kf4 Qf3# 0-1

[Event "CICL op"]
[Site "?"]
[Date "2002.05.18"]
[Round "4"]
[White "Hayhurst, Lyle"]
[Black "Williams, Kent"]
[Result "1/2-1/2"]
[WhiteElo "1847"]
[BlackElo "2098"]
[PlyCount "51"]
[EventDate "2002.??.??"]

1. e4 c6 2. d4 d5 3. Nc3 dxe4 4. Nxe4 Nf6 5. Nxf6+ exf6 6. Nf3 Be7 7. Bd3 Bg4
8. Be3 Qd5 9. Be2 Na6 10. O-O Nc7 11. c4 Qd8 12. h3 Bh5 13. Rc1 O-O 14. Qb3 Qc8
15. Rfd1 Rd8 16. Bf4 Bd6 17. Bxd6 Rxd6 18. Rd2 Ne6 19. c5 Rd5 20. g4 Bg6 21.
Qe3 Rd8 22. Nh4 Nc7 23. Nxg6 hxg6 24. Bc4 Nd5 25. Bxd5 Rxd5 26. Rc4 1/2-1/2

[Event "CICL op"]
[Site "?"]
[Date "2002.05.18"]
[Round "4"]
[White "Easton, Richard"]
[Black "Staples, Carl"]
[Result "0-1"]
[WhiteElo "1769"]
[BlackElo "1606"]
[PlyCount "72"]
[EventDate "2002.??.??"]

1. d4 d5 2. Nf3 e6 3. Bg5 Nf6 4. e3 h6 5. Bf4 Be7 6. Nbd2 O-O 7. Bd3 c5 8. c3
b6 9. Ne5 a5 10. Qf3 Ba6 11. Bxa6 Rxa6 12. g4 Nh7 13. Qg2 cxd4 14. exd4 Qe8 15.
h4 f6 16. Nd3 Ra7 17. Qh3 e5 18. dxe5 fxe5 19. Bxe5 Bd6 20. f4 Re7 21. O-O-O
Bxe5 22. fxe5 Nd7 23. Qg2 Nxe5 24. Qxd5+ Kh8 25. g5 h5 26. Rhf1 Ng4 27. Rxf8+
Nxf8 28. Qb3 Nd7 29. Nf3 Re3 30. Re1 Rxe1+ 31. Nfxe1 Qe3+ 32. Kb1 Nf2 33. Qc2
Ne4 34. b3 Ndc5 35. Kb2 Nxd3+ 36. Nxd3 Qg3 0-1

[Event "CICL op"]
[Site "?"]
[Date "2002.05.18"]
[Round "4"]
[White "Subeck, Jeff"]
[Black "Ailes, Tim"]
[Result "0-1"]
[WhiteElo "1374"]
[BlackElo "1574"]
[PlyCount "76"]
[EventDate "2002.??.??"]

1. e4 c5 2. Nf3 d6 3. Nc3 Nc6 4. Bc4 e6 5. Qe2 a6 6. a3 Nge7 7. d3 b5 8. Bb3 g6
9. O-O Bg7 10. Bd2 b4 11. axb4 cxb4 12. Nd1 O-O 13. c3 Na5 14. Bc2 b3 15. Bb1
Nec6 16. d4 d5 17. e5 Nc4 18. Bg5 Qc7 19. Ne3 N6a5 20. Nxc4 Nxc4 21. Bd3 a5 22.
Bxc4 dxc4 23. Ra4 Ba6 24. Rfa1 Bb5 25. R4a3 Rfb8 26. Rd1 Bf8 27. Raa1 a4 28. h3
a3 29. bxa3 Bxa3 30. Nh2 Bc6 31. Rdb1 Bd5 32. Bc1 Bxc1 33. Rxa8 Rxa8 34. Rxc1
Ra2 35. Qe1 b2 36. Rb1 Qb7 37. f3 Qa8 38. Nf1 Ra1 0-1

[Event "CICL op"]
[Site "?"]
[Date "2002.05.18"]
[Round "4"]
[White "Marshall, Kevin"]
[Black "Reid , Carl"]
[Result "0-1"]
[WhiteElo "1396"]
[BlackElo "1543"]
[PlyCount "78"]
[EventDate "2002.??.??"]

1. d4 d5 2. c4 e6 3. Nc3 Nf6 4. Nf3 Be7 5. Bf4 O-O 6. e3 c6 7. Bd3 Nbd7 8. O-O
h6 9. h3 c5 10. Re1 a6 11. Qc2 b5 12. cxd5 c4 13. Be4 Nxe4 14. Nxe4 exd5 15.
Ng3 Nf6 16. e4 dxe4 17. Nxe4 Bb7 18. Nxf6+ Bxf6 19. Be5 Bxf3 20. gxf3 Bxe5 21.
dxe5 Qd3 22. Qe2 Qxe2 23. Rxe2 Rad8 24. Rae1 Rfe8 25. f4 Rd4 26. Re4 Red8 27.
Kg2 Kf8 28. Kg3 Rd2 29. R1e2 Rxe2 30. Rxe2 Rd3+ 31. Kg4 g6 32. h4 Rd4 33. f3 b4
34. Rc2 a5 35. Re2 Ke7 36. Rc2 Ke6 37. a3 Kd5 38. h5 g5 39. Kf5 Rxf4# 0-1